000 00504cam a2200145 4500500
005 20260111040514.0
041 _afre
042 _adc
100 1 0 _aLabey, Gildas
_eauthor
245 0 0 _aFrédéric Nef, L’esprit vivant de la nature. L’âme et la matière. Cerf, 2025, 224 páginas, 20 euros.
260 _c2025.
500 _a25
786 0 _nÉtudes | 4331 | 11 | 2025-11-03 | p. 135a-136
856 4 1 _uhttps://shs.cairn.info/revista-etudes-2025-11-page-135a?lang=es&redirect-ssocas=7080
999 _c1612794
_d1612794